Normal view MARC view
  • Russo, Edith Mabel,

Entry Nombre Personal

Number of records used in: 1

001 - NUMERO DE CONTROL

  • campo de control: 41499

003 - IDENTIFICADOR DE NUMERO DE CONTROL

  • campo de control: UPN

005 - FECHA Y HORA DE LA ÜLTIMA TRANSACCIÓN

  • campo de control: 20210219194608.0

008 - DATOS DE LONGITUD FIJA

  • campo de control de longitud fija: nabaccnnaabn|||||||||| b |nc|||||d

035 ## - NUMERO DE CONTROL

  • Número de control: UPN11000013606

040 ## - FUENTE DE CATALOGACIÓN

  • Lenguaje de catalogación: SPA
  • Agencia de transcripción: UPN

100 1# - ENCABEZAMIENTO - NOMBRE PERSONAL

  • Nombre personal: Russo, Edith Mabel,
  • Fechas asociadas con el nombre: 1948-

670 ## - FUENTE EN LA QUE SE LOCALIZARON DATOS

  • Cita de la fuente: T
  • Uniform Resource Identifier: https://es.wikipedia.org/wiki/Edith_Mabel_Russo

680 ## - NOTA PUBLICA DE ACCESO PÚBLICO

  • Frase explicativa de la referencia: Escritora, poetisa, compositora, dramaturga y docente argentina. Ha destacado especialmente por su labor en literatura infantil (poesías, cuentos. adivinanzas, rimas, trabalenguas, canciones)

902 ## - CATALOGADOR

  • Catalogador: EMR/220618